<?xml version="1.0" encoding="UTF-8"?>
<record
    xmlns:xsi="http://www.w3.org/2001/XMLSchema-instance"
    xsi:schemaLocation="http://www.loc.gov/MARC21/slim http://www.loc.gov/standards/marcxml/schema/MARC21slim.xsd"
    xmlns="http://www.loc.gov/MARC21/slim">

  <leader>02589nam a2200445 a 4500</leader>
  <controlfield tag="003">Mxchpua</controlfield>
  <controlfield tag="005">20240528095023.0</controlfield>
  <controlfield tag="007">ta</controlfield>
  <controlfield tag="008">240527s2022    mx bde|fs|||| 001 0 spa d</controlfield>
  <datafield tag="040" ind1=" " ind2=" ">
    <subfield code="a">mxchpua</subfield>
  </datafield>
  <datafield tag="090" ind1=" " ind2=" ">
    <subfield code="a">T.C.902</subfield>
    <subfield code="b">F56 EIUPA</subfield>
    <subfield code="c">2022</subfield>
  </datafield>
  <datafield tag="245" ind1="1" ind2="0">
    <subfield code="a"> Estudio Integral de la Unidad de Producci&#xF3;n Agroindustrial  &#x201C;Visons S.A.C.&#x201D; /</subfield>
    <subfield code="c">coordinador Emmanuel Flores Gir&#xF3;n ; colaboradores Evelyn Badillo Sol&#xED;s...[y otros]</subfield>
  </datafield>
  <datafield tag="260" ind1=" " ind2=" ">
    <subfield code="a">M&#xE9;xico :</subfield>
    <subfield code="b">El autor,</subfield>
    <subfield code="c">2022</subfield>
  </datafield>
  <datafield tag="300" ind1=" " ind2=" ">
    <subfield code="a">1 recurso en l&#xED;nea (141 p&#xE1;ginas) :</subfield>
    <subfield code="b">mapas, gr&#xE1;ficas, diagramas, tablas, planos</subfield>
  </datafield>
  <datafield tag="336" ind1=" " ind2=" ">
    <subfield code="2">rdacontent</subfield>
    <subfield code="a">texto</subfield>
    <subfield code="b">txt</subfield>
  </datafield>
  <datafield tag="337" ind1=" " ind2=" ">
    <subfield code="2">rdamedia</subfield>
    <subfield code="a">computadora</subfield>
    <subfield code="b">c</subfield>
  </datafield>
  <datafield tag="338" ind1=" " ind2=" ">
    <subfield code="2">rdacarrier</subfield>
    <subfield code="a">recurso en l&#xED;nea</subfield>
    <subfield code="b">cr</subfield>
  </datafield>
  <datafield tag="500" ind1=" " ind2=" ">
    <subfield code="a">Grado 7&#xB0; Grupo 3 
</subfield>
  </datafield>
  <datafield tag="502" ind1=" " ind2=" ">
    <subfield code="a">Viaje de Estudios </subfield>
    <subfield code="b">(EIUPA) --</subfield>
    <subfield code="c">UACh. Departamento de Ingenier&#xED;a Agroindustrial,</subfield>
    <subfield code="d">2022</subfield>
  </datafield>
  <datafield tag="504" ind1=" " ind2=" ">
    <subfield code="a">Bibliograf&#xED;a: p&#xE1;ginas 74-77</subfield>
  </datafield>
  <datafield tag="505" ind1="0" ind2=" ">
    <subfield code="a">5 planos: --
1. Diagrama de flujo --
2. Diagrama de recorrido --
3. Plano de distribuci&#xF3;n de &#xE1;reas (Esc. 1:1000)--
4. Plano de distribuci&#xF3;n de &#xE1;reas empaque de ar&#xE1;ndano (Esc. 1:100) --
5. Plano de distribuci&#xF3;n de equipos (Esc. 1:100)</subfield>
  </datafield>
  <datafield tag="650" ind1="1" ind2="3">
    <subfield code="9">148659</subfield>
    <subfield code="a">Industria de los alimentos  </subfield>
    <subfield code="z">Per&#xFA;</subfield>
    <subfield code="z">Lima</subfield>
  </datafield>
  <datafield tag="650" ind1="1" ind2="3">
    <subfield code="9">148404</subfield>
    <subfield code="a">Plantas empacadoras  </subfield>
  </datafield>
  <datafield tag="650" ind1="1" ind2="3">
    <subfield code="9">147758</subfield>
    <subfield code="a">Envasado de alimentos  </subfield>
  </datafield>
  <datafield tag="650" ind1="1" ind2="3">
    <subfield code="9">163123</subfield>
    <subfield code="a">Manipulaci&#xF3;n alimentaria  </subfield>
  </datafield>
  <datafield tag="650" ind1="1" ind2="3">
    <subfield code="9">156777</subfield>
    <subfield code="a">Frutas y hortalizas frescas</subfield>
    <subfield code="x"> Exportaci&#xF3;n</subfield>
  </datafield>
  <datafield tag="650" ind1="1" ind2="3">
    <subfield code="9">148657</subfield>
    <subfield code="a">Food industry  </subfield>
    <subfield code="z">Peru</subfield>
    <subfield code="z">Lima</subfield>
  </datafield>
  <datafield tag="650" ind1="1" ind2="3">
    <subfield code="9">148403</subfield>
    <subfield code="a">Packing houses  </subfield>
  </datafield>
  <datafield tag="650" ind1="1" ind2="3">
    <subfield code="9">147981</subfield>
    <subfield code="a">Food packaging  </subfield>
  </datafield>
  <datafield tag="650" ind1="1" ind2="3">
    <subfield code="9">163120</subfield>
    <subfield code="a">Food handling  </subfield>
  </datafield>
  <datafield tag="650" ind1="1" ind2="3">
    <subfield code="9">185358</subfield>
    <subfield code="a">Fresh-cut produce</subfield>
    <subfield code="x">Exports</subfield>
  </datafield>
  <datafield tag="700" ind1="1" ind2=" ">
    <subfield code="9">161718</subfield>
    <subfield code="a">Flores Gir&#xF3;n, Emmanuel</subfield>
    <subfield code="e">coordinador</subfield>
  </datafield>
  <datafield tag="700" ind1="1" ind2=" ">
    <subfield code="9">189133</subfield>
    <subfield code="a">Badillo Sol&#xED;s, Evelyn</subfield>
    <subfield code="e">colaboradora</subfield>
  </datafield>
  <datafield tag="856" ind1="4" ind2="0">
    <subfield code="u">http://10.13.5.2/ve/TC902_EIUPA/TC902_EIUPA_2022-DIAGRAMA_DE_FLUJO.pdf</subfield>
    <subfield code="y">DESCARGAR DIAGRAMA DE FLUJO </subfield>
  </datafield>
  <datafield tag="856" ind1="4" ind2="0">
    <subfield code="u">http://10.13.5.2/ve/TC902_EIUPA/TC902_EIUPA_2022-DIAGRAMA_DE_RECORRIDO.pdf</subfield>
    <subfield code="y">DESCARGAR DIAGRAMA DE RECORRIDO </subfield>
  </datafield>
  <datafield tag="856" ind1="4" ind2="0">
    <subfield code="u">http://10.13.5.2/ve/TC902_EIUPA/TC902_EIUPA_2022-PLANO_DE_DISTRIBUCION_DE_AREAS.pdf</subfield>
    <subfield code="y">DESCARGAR PLANO DE DISTRIBUCI&#xD3;N DE &#xC1;REAS </subfield>
  </datafield>
  <datafield tag="856" ind1="4" ind2="0">
    <subfield code="u">http://10.13.5.2/ve/TC902_EIUPA/TC902_EIUPA_2022-PLANO_DE_DISTRIBUCION_DE_AREAS_DE_EMPAQUE_DE_ARANDANO.pdf</subfield>
    <subfield code="y">DESCARGAR PLANO DE DISTRIBUCI&#xD3;N DE &#xC1;REAS EMPAQUE DE AR&#xC1;NDANO </subfield>
  </datafield>
  <datafield tag="856" ind1="4" ind2="0">
    <subfield code="u">http://10.13.5.2/ve/TC902_EIUPA/TC902_EIUPA_2022-PLANO_DE_DISTRIBUCION_DE_EQUIPOS.pdf</subfield>
    <subfield code="y">DESCARGAR PLANO DE DISTRIBUCI&#xD3;N DE EQUIPOS</subfield>
  </datafield>
  <datafield tag="856" ind1="4" ind2="0">
    <subfield code="u">http://10.13.5.2/ve/TC902_EIUPA/TC902_EIUPA_2022-REPORTE.pdf</subfield>
    <subfield code="y">DESCARGAR REPORTE</subfield>
  </datafield>
  <datafield tag="999" ind1=" " ind2=" ">
    <subfield code="c">219941</subfield>
    <subfield code="d">219941</subfield>
  </datafield>
  <datafield tag="952" ind1=" " ind2=" ">
    <subfield code="0">0</subfield>
    <subfield code="1">0</subfield>
    <subfield code="2">local</subfield>
    <subfield code="4">0</subfield>
    <subfield code="7">0</subfield>
    <subfield code="8">VEE</subfield>
    <subfield code="a">IA_</subfield>
    <subfield code="b">IA_</subfield>
    <subfield code="c">E_L</subfield>
    <subfield code="d">2024-05-27</subfield>
    <subfield code="e">El autor</subfield>
    <subfield code="l">0</subfield>
    <subfield code="o">T.C.902 F56 EIUPA 2022</subfield>
    <subfield code="p">1206015756</subfield>
    <subfield code="r">2024-05-27 00:00:00</subfield>
    <subfield code="w">2024-05-27</subfield>
    <subfield code="y">VEE</subfield>
  </datafield>
</record>
